000
00220 a2200097 4500
001
3959
100
_a
Nodelman,H.M
245
_a
Maths for electronics with application
260
_a
_b
Mcgrawhill
_c
090
_c
3188
_d
3188
942
_a
NUST-CAE
_c
M
_c
24313
999
_c
239032
_d
239032